| 000 | 11872nam a22008657a 4500 | ||
|---|---|---|---|
| 005 | 20090316110612.0 | ||
| 010 | _aHIN-91010 B-434564-611 | ||
| 020 |
_c300.00 _a9788128826214 |
||
| 035 | _aHN-63356 | ||
| 035 | _aB-434564-611 | ||
| 037 | _bDBAD / PUB | ||
| 037 | _bब्ल्यू बेरी | ||
| 082 | _aक | ||
| 100 |
_aप्रकाश मनु _91073 |
||
| 245 |
_aज्ञान-विज्ञान की आश्चर्यजनक कहानियाँ / _cप्रकाश मनु एवं सुनीता |
||
| 260 |
_aनई दिल्ली _bडायमंड पॉकेट बुक्स _c2010 |
||
| 270 |
_ax-30, ओखला इंडस्ट्रियल एरिया, फेजृ11 _bनई दिल्ली _e110020 _k011- 41611861 _l011- 41611866 _msales@dpb.in |
||
| 300 |
_a191पृ. _c22सेमी (सजिल्द) _bसचित्र |
||
| 500 | _aबच्चों के लिए ज्ञान-विज्ञान की दिलचस्प कहानियाँ | ||
| 650 |
_aलघु कथाएँ, हिन्दी _91169 |
||
| 700 |
_924212 _aसुनीता |
||
| 700 | _924373 | ||
| 700 | _924219 | ||
| 942 |
_2ddc _cCH _mप्रकाश _hक |
||
| 999 |
_c48649 _d48649 |
||